Utopía

Сохранить в:
Библиографические подробности
Главный автор: Moro, Tomás More, Thomas (autor)
Другие авторы: Rodríguez Santidrián, Pedro (traductor)
Формат:
Язык:испанский
Опубликовано: Madrid Alianza 1984
Серии:<El >libro de bolsillo Alianza. Sección Clásicos, 1008
Предметы:
Метки: Добавить метку
Нет меток, Требуется 1-ая метка записи!

MARC

LEADER 00000nam a2200000 a 4500
001 UCW4376
003 CL-VaPUC
005 20220426125908.0
008 900321e19840000SP |||||||||||||||||spa|d
999 |c 218136  |d 218134 
040 |c Pontificia Universidad Católica de Valparaíso 
082 0 4 |a 321.07  |b MOR  |2 21 
100 |a Moro, Tomás   |e autor  |q More, Thomas  |9 868789 
245 1 0 |a Utopía 
260 |a Madrid  |b Alianza  |c 1984 
300 |a 215 p 
490 0 |a <El >libro de bolsillo Alianza. Sección Clásicos, 1008 
583 |a last modification  |c 19900321 00:00:00  |k Rodrigo Vera 
650 0 |a Ensayos ingleses  |9 265096 
650 0 |a Utopía  |9 267298 
700 1 |a Rodríguez Santidrián, Pedro  |e traductor  |9 864379 
942 |c BK  |2 ddc 
945 |d 19900321 00:00:00 
952 |0 0  |1 0  |4 0  |6 321_070000000000000_MOR_1984  |7 0  |8 R  |9 207138  |a BIBEDU  |b BIBEDU  |c MCIRC  |d 2019-11-15  |i 2748991  |l 3  |m 1  |o 321.07 MOR 1984  |p 2748991  |r 2024-03-27  |s 2024-03-20  |w 2019-11-15  |y BK_R  |k FIL 
952 |0 0  |1 0  |4 0  |6 321_070000000000000_MOR_1984  |7 0  |8 A  |9 207139  |a BIBDER  |b BIBDER  |d 2019-11-15  |i 2749009  |o 321.07 MOR 1984  |p 2749009  |r 2023-01-25  |w 2019-11-15  |y BK  |k DER 
952 |0 0  |1 0  |4 0  |6 321_070000000000000_MOR_1984  |7 0  |8 A  |9 207140  |a BIBHIS  |b BIBHIS  |d 2019-11-15  |i 3462250  |o 321.07 MOR 1984  |p 3462250  |r 2025-01-20  |w 2019-11-15  |y BK  |k HIS 
952 |0 0  |1 0  |4 0  |6 321_070000000000000_MOR_1984  |7 0  |8 R  |9 207141  |a BIBEDU  |b BIBEDU  |c MCIRC  |d 2019-11-15  |i 3263541  |l 2  |o 321.07 MOR 1984  |p 3263541  |r 2024-03-21  |s 2024-03-19  |w 2019-11-15  |y BK_R  |k FIL 
952 |0 0  |1 0  |4 0  |6 321_070000000000000_MOR_1984  |7 0  |8 A  |9 207142  |a BIBHIS  |b BIBHIS  |d 2019-11-15  |i 3552683  |o 321.07 MOR 1984  |p 3552683  |r 2025-01-20  |w 2019-11-15  |y BK  |k HIS 
952 |0 0  |1 0  |4 0  |6 321_070000000000000_MOR_1984  |7 0  |8 R  |9 207143  |a BIBEDU  |b BIBEDU  |c MCIRC  |d 2019-11-15  |i 2748983  |l 6  |o 321.07 MOR 1984  |p 2748983  |r 2024-03-25  |s 2024-03-21  |w 2019-11-15  |y BK_R  |k LIT